Normal view
MARC view
- Search of Wales
Entry Topical Term
001 - CONTROL NUMBER
- control field: 107898
003 - CONTROL NUMBER IDENTIFIER
- control field: NUST
005 - DATE AND TIME OF LATEST TRANSACTION
- control field: 20230127122704.0
008 - FIXED-LENGTH DATA ELEMENTS
- fixed length control field: 230127|| aca||aabn | a|a d
040 ## - CATALOGING SOURCE
- Original cataloging agency: NUST
- Transcribing agency: NUST
150 ## - HEADING--TOPICAL TERM
- Topical term or geographic name entry element: Search of Wales
670 ## - SOURCE DATA FOUND
- Source citation: Work cat.: (NUST)186172: Morton, H.V 107897, In Search of Wales /, 1936
